000 01501 a2200301 4500
003 Nust
005 20220803121229.0
010 _a 2006046738
020 _a0471488895
020 _a9780471488897
035 _a(OCoLC)70673291
035 _a(OCoLC)ocm70673291
040 _cNust
082 0 0 _a621.30285,HAU
100 1 _aHaupt, Randy L.
_996399
245 1 0 _aGenetic Algorithms in Electromagnetics /
_cRandy L. Haupt, Douglas H. Werner.
260 _aHoboken, N.J. :
_bIEEE Press :
_bWiley-Interscience,
_cc2007.
300 _axiii, 301 p. :
_bill. ;
_c25 cm.
505 _aIntroduction to Optimization in Electromagnetic (Page-1), Anatomy of a Genetic Algorithm (Page-29), Step-by-Step Example (Page-45), Optimizing Antenna Arrays (Page-63), Smart Antennas Using a GA (Page-133), Genetics Algorithms Optimization of Wire Antennas (Page-169), Optimization of aperture Antennas (Page-199), Optimization of Scattering (Page-217), GA Extensions (Page-251),
650 0 _aElectromagnetism
_xMathematical models.
_996400
650 0 _aGenetic algorithms.
650 0 _aTelecommunication Engineering
700 1 _aWerner, Douglas H.,
_d1960-
_996401
856 4 2 _3Contributor biographical information
_uhttp://www.loc.gov/catdir/enhancements/fy0741/2006046738-b.html
856 4 2 _3Publisher description
_uhttp://www.loc.gov/catdir/enhancements/fy0653/2006046738-d.html
856 4 2 _3Table of contents only
_uhttp://www.loc.gov/catdir/enhancements/fy0741/2006046738-t.html
942 _cREF
_2ddc
999 _c175780
_d175780